部首为巾的常见中文汉字 Common Chinese characters with the radical “Towel” - Statistics

General Stats
  • This quiz has been taken 16 times
  • The average score is 22 of 43
Answer Stats
拼音首字母 笔画数 汉字 % Correct
z 7
94%
w 11
88%
j 3
81%
b 4
75%
m 14
75%
b 5
69%
b 8
69%
b 9
69%
f 6
69%
t 8
69%
z 8
69%
f 12
63%
m 12
63%
p 8
63%
s 5
63%
t 8
63%
z 15
63%
c 11
56%
ɡ 11
56%
h 13
56%
l 8
56%
x 10
56%
z 9
56%
d 9
50%
d 9
50%
f 15
50%
m 13
50%
s 5
50%
s 6
44%
x 7
44%
z 8
44%
z 8
44%
d 10
38%
p 8
38%
w 7
38%
z 11
31%
w 12
25%
z 14
25%
f 15
19%
m 12
13%
c 18
6%
b 14
0%
c 16
0%
No matching quizzes found
Score Distribution
Percent of People with Each Score
Percentile by Number Answered
Your Score History
You have not taken this quiz